Turkish and muslim minorities in Bulgaria

Αποθηκεύτηκε σε:
Λεπτομέρειες βιβλιογραφικής εγγραφής
Κύριος συγγραφέας: Eminov, Ali
Μορφή: Βιβλίο
Γλώσσα:English
Δημοσίευση: London : Hurst & Company, c1997
Σειρά:Institute of Muslim Minority Affairs ; ; 6
Θέματα:
Ετικέτες: Προσθήκη ετικέτας
Δεν υπάρχουν, Καταχωρήστε ετικέτα πρώτοι!

MARC

LEADER 00000nam a2200000 i 4500
001 1/86145
008 990712s1997 eng d
020 |a 0-7141-1132-5 
035 |l 10052013 
040 |a GR-MY-UA  |b gre  |e aacr 
041 0 |a eng 
082 0 |a 323.119435049909045 
100 1 |a Eminov, Ali. 
245 1 0 |a Turkish and muslim minorities in Bulgaria /  |c Ali Eminov 
260 |a London :   |b Hurst & Company,   |c c1997 
300 |a 218 p. 
490 1 |a Institute of Muslim Minority Affairs  |v ; 6 
504 |a Includes bibliographical references and index 
650 0 0 |a Turks  |z Bulgaria. 
650 0 0 |a Muslims  |z Bulgaria. 
651 0 |a Bulgaria  |x Ethnic relations. 
830 0 |a Institute of Muslim Minority Affairs ;  |v ; 6 
852 |a INST  |b LESVOS  |e 19990712  |h 323.1194350499 EMI  |p 005100019474  |q 005100019474  |t BK  |y 0 
901 |a BIBL1-1999-3 
909 |a Λ  |b 062805 
922 |a 1ΕΛΗ  |b 199812  |c ΚΠΣ/ΤΓ  |d LEADER 
950 |a 118-1998-10-19 
970 |a ΤΖΑΦΕΡΗ  |b ΕΥΑΓΓΕΛΙΑ  |z 1999/09/20